LEADER 01067nam0 2200301 450 001 000027479 005 20111020180141.0 010 $a88-348-6419-0$b7 100 $a20100525d20062009km-y0itay50------ba 101 0 $aita 102 $aIT 200 1 $aTrattato di diritto privato dell'Unione europea$fdiretto da Gianmaria Ajani, Gian Antonio Benacchio 210 $aTorino$cGiappichelli$dc2006- 215 $av.$d24 cm 327 0 $a7. La concorrenza / a cura di Aldo Frignani, Roberto Pardolesi. - 2006. - XXI, 518 p. 500 10$aTrattato di diritto privato dell'Unione europea$958718 610 1 $aDiritto privato 676 $a346.4$v21$9Diritto privato. Europa 702 1$aAjani,$bGianmaria 702 1$aBenacchio,$bGian Antonio 702 1$aFrignani,$bAldo 702 1$aPardolesi,$bRoberto 801 0$aIT$bUNIPARTHENOPE$c20100525$gRICA$2UNIMARC 912 $a000027479 951 $a346-T/18/VII$b42230$cNAVA1$d2010 951 $a346.4/1$b43177$cNAVA1$d2011 996 $aTrattato di diritto privato dell'Unione europea$958718 997 $aUNIPARTHENOPE LEADER 01175nam 22003613 450 001 9910130475103321 005 20200326133628.0 035 $a(CKB)3400000000019838 035 $a(ItFiC)it 0941147X 035 $a(EXLCZ)993400000000019838 100 $a20110314d2009 uy 0 101 0 $aita 200 00$aAnnibal Caro a cinquecento anni dalla nascita$b[electronic resource] $eatti del convegno di studi, Macerata, 16-17 giugno 2007 /$fa cura di Diego Poli, Laura Melosi, Angela Bianchi 205 $a1. ed. 210 $aMacerata $cEUM$d2009 215 $a549 p 225 0$aLinguistica, letteratura 300 $aProceedings. 300 $aA. Caro (1507-1566). 311 $a88-6056-144-2 320 $aIncludes bibliographical references. 327 $uhttp://www.ilibri.casalini.it/toc/0941147X.pdf$3TOC 517 $aAnnibal Caro a cinquecento anni dalla nascita 676 $a870 702 $aPoli$b Diego 702 $aMelosi$b Laura 702 $aBianchi$b Angela 801 0$bItFiC 801 1$bItFiC 906 $aBOOK 912 $a9910130475103321 996 $aAnnibal Caro a cinquecento anni dalla nascita$91109780 997 $aUNINA LEADER 02857oam 2200637I 450 001 9910954030003321 005 20251116154531.0 010 $a0-429-24860-1 010 $a1-4665-7590-5 010 $a1-4398-6039-4 024 7 $a10.1201/b10137 035 $a(CKB)2550000000107568 035 $a(EBL)967998 035 $a(OCoLC)799762712 035 $a(SSID)ssj0000689229 035 $a(PQKBManifestationID)11388077 035 $a(PQKBTitleCode)TC0000689229 035 $a(PQKBWorkID)10619557 035 $a(PQKB)10211321 035 $a(MiAaPQ)EBC967998 035 $a(Au-PeEL)EBL967998 035 $a(CaPaEBR)ebr10579673 035 $a(CaONFJC)MIL544670 035 $a(OCoLC)808346184 035 $a(OCoLC)1298601794 035 $a(FINmELB)ELB155226 035 $a(EXLCZ)992550000000107568 100 $a20180331d2012 uy 0 101 0 $aeng 135 $aur|n|---||||| 181 $ctxt 182 $cc 183 $acr 200 10$aForensic intelligence /$fRobert Milne 205 $a1st ed. 210 $aBoca Raton $cCRC Press/Taylor & Francis$dc2013 210 1$aBoca Raton :$cCRC Press,$d2012. 215 $a1 online resource (275 p.) 300 $aDescription based upon print version of record. 311 08$a1-4398-6038-6 320 $aIncludes bibliographical references. 327 $aIntroducing forensic intelligence -- The value of forensics in crime intelligence -- Research and analytical processes -- Forensic evidence recovery, processing and best practice -- Best practice in forensic evidence recoveries enabling forensic intelligence -- Dealing with crime scenes -- The implementation of intelligence-led policing (ILP) -- Common intelligence standards and their introduction : the london experience -- Forensic intelligence applied to different crime types -- The need for investment in information technology. 330 $aWhen forensic recoveries are properly processed and recorded, they are a major intelligence source for crime investigators and analysts. The majority of publications about forensic science cover best practices and basic advice about evidence recovery and storage. Forensic Intelligence takes the subject of forensics one step further and describes how to use the evidence recovered at crime scenes for extended analysis and the dissemination of new forensic intelligence. The book draws on the author's 40 years of experience as a crime scene examiner, latent print 606 $aCriminal investigation 606 $aForensic sciences 615 0$aCriminal investigation. 615 0$aForensic sciences. 676 $a363.25 700 $aMilne$b Robert$0543562 801 0$bMiAaPQ 801 1$bMiAaPQ 801 2$bMiAaPQ 906 $aBOOK 912 $a9910954030003321 996 $aForensic intelligence$94491692 997 $aUNINA